Compagnes de présidents français - Statistiques

Statistiques générales
  • Ce quiz a été pris 11 fois
  • Le résultat moyen est 7 sur 25
Statistiques - réponses
Par images Hint Réponse % Correct
2017- Brigitte Macron
86%
1995-2007 Bernadette Chirac
71%
2008-2012 Carla Bruni-Sarkozy
71%
2007-2007 Cécilia Sarkozy
57%
1969-1974 Claude Pompidou
57%
1981-1995 Danielle Mitterrand
57%
1959-1969 Yvonne de Gaulle
57%
1974-1981 Anne-Aymone Giscard d'Estaing
43%
1954-1955 Germaine Coty
29%
2012-2014 Valérie Trierweiler
29%
1895-1899 Berthe Faure
14%
1887-1894 Cécile Carnot
14%
1879-1887 Coralie Grévy
14%
1873-1879 Elisabeth de Mac Mahon
14%
1871-1873 Elise Thiers
14%
1920-1920 Germaine Deschanel
14%
1913-1920 Henriette Poincaré
14%
1931-1931 Jeanne Doumergue
14%
1906-1913 Jeanne Fallières
14%
1920-1924 Jeanne Millerand
14%
1899-1906 Marie-Louise Loubet
14%
1947-1954 Michelle Auriol
14%
1931-1932 Blanche Doumer
0%
1894-1895 Hélène Casimir-Perier
0%
1932-1940 Marguerite Lebrun
0%
Aucun quiz correspondant
Distribution des résultats
% des personnes avec chaque résultat
Percentile par nombre de réponses
Votre historique - résultats
Vous n’avez pas pris ce quiz